Kontury podległych terytoriów - Statystyki

Ogólne statystyki
  • Ten quiz został rozwiązany 37 razy
    25 od ostatniego zresetowania
  • Średni wynik to 42 z 105
Statystyki odpowiedzi
Obrazkowy Odpowiedź % Poprawnych
Portoryko
100%
Anglia
67%
Aruba
67%
Bawaria
67%
Cypr Północny
67%
Gibraltar
67%
Grenlandia
67%
Irlandia Północna
67%
Jersey
67%
Katalonia
67%
Sahara Zachodnia
67%
Somaliland
67%
Sycylia
67%
Szkocja
67%
Walia
67%
Wyspa Bożego Narodzenia
67%
Wyspa Man
67%
Wyspy Cooka
67%
Wyspy Owcze
67%
Abchazja
33%
Adygeja
33%
Adżaria
33%
Ałtaj
33%
Anguilla
33%
Baszkortostan
33%
Bermudy
33%
Bonaire
33%
Brytyjskie Terytorium Oceanu Indyjskiego
33%
Brytyjskie Wyspy Dziewicze
33%
Buriacja
33%
Chakasja
33%
Curaçao
33%
Czeczenia
33%
Czuwaszja
33%
Dagestan
33%
Dolina Aosty
33%
Falklandy
33%
Francuskie Terytoria Południowe i Antarktyczne
33%
Friuli-Wenecja Julijska
33%
Gagauzja
33%
Górski badachszan
33%
Guam
33%
Guernsey
33%
Gujana Francuska
33%
Gwadelupa
33%
Hawaje
33%
Hokkaido
33%
Hong Kong
33%
Inguszetia
33%
Jakucja
33%
Kabardo-Bałkaria
33%
Kajmany
33%
Kałmucja
33%
Karaczajo-Czerkiesja
33%
Karakałpacja
33%
Karelia
33%
Komi
33%
Kraj Basków
33%
Kurdystan
33%
Majotta
33%
Makau
33%
Mariany Północne
33%
Mari El
33%
Martynika
33%
Montserrat
33%
Mordowia
33%
Naddniestrze
33%
Niue
33%
Norfolk
33%
Nowa Kaledonia
33%
Okinawa
33%
Oksytania
33%
Osetia północna
33%
Osetia południowa
33%
Palestyna
33%
Pitcairn
33%
Polinezja Francuska
33%
Reunion
33%
Saba
33%
Saint-Barthélemy
33%
Saint-Martin
33%
Saint-Pierre i Miquelon
33%
Samoa Amerykańskie
33%
Sardynia
33%
Sinciang
33%
Sint Eustatius
33%
Sint Maarten
33%
Svalbard
33%
Tatarstan
33%
Tokelau
33%
Tristan da Cunha
33%
Trydent-Górna Adyga
33%
Turks i Caicos
33%
Tuwa
33%
Tybetański Region Autonomiczny
33%
Udmurcja
33%
Wallis i Futuna
33%
Wojwodina
33%
Wyspa Świętej Heleny
33%
Wyspa Wielkanocna
33%
Wyspa Wniebowstąpienia
33%
Wyspy Alandzkie
33%
Wyspy Dziewicze Stanów Zjednoczonych
33%
Wyspy Kokosowe
33%
Zanzibar
33%
Nie znaleziono quizów pasujących do podanych kryteriów
Rozkład punktacji
Procent ludzi z każdym wynikiem
Percentyl według liczby udzielonych odpowiedzi
Twoja historia wyników
Nie rozwiązałeś tego quizu od ostatniego zresetowania